ბათუმის შოთა რუსთაველის სახელმწიფო უნივერსიტეტის ბიბლიოთეკა

რჩეული (ბიბ.ჩანაწერი № 48354)

000 -LEADER
fixed length control field 00633nam a2200205Ia 4500
001 - CONTROL NUMBER
control field 15242
003 - CONTROL NUMBER IDENTIFIER
control field GE_BSU
008 - FIXED-LENGTH DATA ELEMENTS--GENERAL INFORMATION
fixed length control field 181216s||||||||xx |||||||||||||| ||und||
040 ## - CATALOGING SOURCE
Transcribing agency GE_BSU
080 ## - UNIVERSAL DECIMAL CLASSIFICATION NUMBER
Universal Decimal Classification number 821.353.1+821.353.1-1
100 ## - MAIN ENTRY--PERSONAL NAME
Personal name შანშიაშვილი, სანდრო
245 ## - TITLE STATEMENT
Title რჩეული
245 ## - TITLE STATEMENT
Statement of responsibility, etc. რედ:რ.ორჯონიკიძე. მხატვ.ც.შანშიაშვილი
260 ## - PUBLICATION, DISTRIBUTION, ETC.
Place of publication, distribution, etc. თბილისი
260 ## - PUBLICATION, DISTRIBUTION, ETC.
Name of publisher, distributor, etc. სახელგამი
260 ## - PUBLICATION, DISTRIBUTION, ETC.
Date of publication, distribution, etc. 1953
300 ## - PHYSICAL DESCRIPTION
Extent 397გვ.21სმ.
653 ## - INDEX TERM--UNCONTROLLED
Uncontrolled term მოთხრობები.
942 ## - ADDED ENTRY ELEMENTS (KOHA)
Koha item type წიგნი
ეგზემპლარები
Withdrawn status Lost status Damaged status Not for loan Date acquired Barcode Date last seen Price effective from Koha item type
        2018-12-17 38036 2018-12-17 2018-12-17 წიგნი
        2018-12-17 38037 2018-12-17 2018-12-17 წიგნი
        2018-12-17 38038 2018-12-17 2018-12-17 წიგნი
        2018-12-17 38039 2018-12-17 2018-12-17 წიგნი
        2018-12-17 38040 2018-12-17 2018-12-17 წიგნი
        2018-12-17 38041 2018-12-17 2018-12-17 წიგნი
        2018-12-17 38042 2018-12-17 2018-12-17 წიგნი
        2018-12-17 38043 2018-12-17 2018-12-17 წიგნი
        2018-12-17 38044 2018-12-17 2018-12-17 წიგნი